| 000 | 00803nam a2200265Ia 4500 | ||
|---|---|---|---|
| 005 | 20260121165818.0 | ||
| 008 | 008 260114s9999 xx 000 0 eng d | ||
| 020 | _a9783319491691 | ||
| 037 | _aEBOOK | ||
| 040 | _aCRL | ||
| 040 | _beng | ||
| 040 | _cCRL | ||
| 041 | _2eng | ||
| 041 | _aeng | ||
| 084 | _qCRL | ||
| 100 |
_aAlberto Abad, Alfonso Ortega, António Teixeira, Carmen García Mateo, Carlos D. Martínez Hinarejos, Fernando Perdigão, Fernando Batista, Nuno Mamede _91056326 |
||
| 245 | 0 | _aAdvances in Speech and Language Technologies for Iberian Languages | |
| 260 | _bSpringer | ||
| 260 | _bSpringer | ||
| 260 | _c2016 | ||
| 856 | _uhttps://link.springer.com/openurl?genre=book&isbn=978-3-319-49169-1 | ||
| 942 | _cEBOOK | ||
| 999 |
_c1622054 _d1622054 |
||